| 000 | 01157nam a22003135i 4500 | ||
|---|---|---|---|
| 999 |
_c7320 _d7320 |
||
| 001 | .b74978457 | ||
| 003 | OSt | ||
| 005 | 20210302124734.0 | ||
| 008 | 210208e202102 spc||||| |||| 00| 0bspa|c | ||
| 017 |
_aDL B. 21.496-2020 _bBiblioteca de Catalunya |
||
| 020 | _a9788423357680 | ||
| 040 |
_aES-GiUDG _bcat _erda _cES-GiUDG |
||
| 100 | 1 |
_aVila-Sanjuán, Sergio, _d1957- _eautor |
|
| 245 | 1 | 3 |
_aEl Joven Porcel : _buna ascensión literaria en la Barcelona de los años sesenta / _cSergio Vila-Sanjuán |
| 250 | _aPrimera edición | ||
| 264 | 1 |
_aBarcelona : _bEdiciones Destino, _cfebrero de 2021 |
|
| 300 |
_a365 pàgines ; _c23 cm |
||
| 336 |
_atext _btxt _2rdacontent |
||
| 337 |
_asense mediació _bn _2rdamedia |
||
| 338 |
_avolum _bnc _2rdacarrier |
||
| 490 | 1 |
_aColección Imago Mundi ; _vvolumen 306 |
|
| 600 | 1 | 7 |
_aPorcel, Baltasar _xBiografia _2lemac |
| 650 | 7 |
_aEscriptors catalans _zIlles Balears _yS. XX _2lemac |
|
| 651 | 7 |
_aBarcelona (Catalunya) _xVida intel·lectual _yS. XX _2lemac |
|
| 830 | 0 |
_aColección Imago mundi ; _v306 |
|
| 907 |
_a.b74978457 _b09-02-21 _c08-02-21 _d08-02-21 _em _fa _g- _hspa _ispc _j0 _k0 |
||
| 940 | _aUdG | ||
| 942 |
_2udc _cMON |
||